00433nam a22001457a 4500041000900000082001700009100003100026245005000057260003900107300000800146650001600154942000700170952009300177999001700270 aUrdu a340.59 bZAF aZafar Hakeem Mahmood Ahmad aPaighambar-e-Islam aur Buniyadi Insani Huqooq aNew DelhibAreeb Publicationc2012 a435 aIslamic Law cBK 00104070aHMIbHMIcGENd2018-07-23l0o340.59 ZAFp24379r2018-07-23w2018-07-23yBK c21226d21226